Famous Dogs by Breed Quiz Stats

 Plays Quiz Updated Mar 22, 2016

Score 0/22 Timer 04:00
0 Plays Today
% Correct
St. Bernard
85%
Rough Collie
84.6%
American Cocker Spaniel
78.1%
Beagle
77.2%
Great Dane
75.1%
Golden Retriever
70%
Labrador Retriever
66.5%
Chihuahua
66.3%
Cairn Terrier
57.1%
Greyhound
55.9%
Portuguese Water Dog
55.4%
% Correct
German Shepherd
52.1%
Pomeranian
46.8%
French Mastiff
43.7%
Redbone Coonhound
40.1%
Jack Russell Terrier
39.9%
Husky
39.5%
French Bulldog
36%
American Bulldog
29.7%
Old English Sheepdog
28.5%
Newfoundland
26%
Fox Terrier
25.6%

You're not logged in!

Compare scores with friends on all Sporcle quizzes.
OR
Log In

Show Comments

Extras

Top Quizzes Today


Score Distribution

Your Account Isn't Verified!

In order to create a playlist on Sporcle, you need to verify the email address you used during registration. Go to your Sporcle Settings to finish the process.

Report this User

Report this user for behavior that violates our Community Guidelines.

Details: